Englands remonstrance to their King : wherein is declared the humble desire of His Majesties loyall and faithfull subjects within the kingdome of England, to the Kings Most Excellent Majestie, now resident in the Isle of Wight : containing the very sense of all the true hearted of the kingdom, touching His Majesties royall person ...

Bibliographic Details
Uniform Title:Englands petition to their King.
Other Authors: Charles I, King of England, 1600-1649
Format: eBook
Language:English
Published: [London] : Printed for G. Horton, and are to be sold at the Royall Exchange in Cornhill, 1648.
Series:Early English books online.
Subjects:
Online Access:Connect to the full text of this electronic book

MARC

Tag First Indicator Second Indicator Subfields
LEADER 00000nam a2200000Ia 4500
001 in00004267708
005 20200810073750.0
006 m g d
007 cr bn |||a|bb|
008 850719s1648 enkc o 00| | eng d
035 |a (OCoLC)12283326 
040 |a EAA  |c EAA  |d m/c  |d WaOLN 
037 |a CL0037000005  |b ProQuest Information and Learning. 300 N. Zeeb Rd., Ann Arbor, MI 48106 
043 |a e-uk-en 
045 2 |b d1625  |b d1649 
049 |a UMIA 
130 0 |a Englands petition to their King. 
245 1 0 |a Englands remonstrance to their King :  |b wherein is declared the humble desire of His Majesties loyall and faithfull subjects within the kingdome of England, to the Kings Most Excellent Majestie, now resident in the Isle of Wight : containing the very sense of all the true hearted of the kingdom, touching His Majesties royall person ... 
260 |a [London] :  |b Printed for G. Horton, and are to be sold at the Royall Exchange in Cornhill,  |c 1648. 
300 |a 1 online resource ([2], 6 pages :  |b portrait. 
336 |a text  |b txt  |2 rdacontent 
337 |a computer  |b c  |2 rdamedia 
338 |a online resource  |b cr  |2 rdacarrier 
500 |a Place of publication from Wing. 
500 |a Also published as: Englands petition to their King, (1643), and Englands petition to King Charles, (1648). 
500 |a Reproduction of original in Huntington Library. 
510 4 |a Wing  |c E3039 
533 |a Electronic reproduction.  |b Ann Arbor, Mich. :  |c UMI,  |d 1999-  |f (Early English books online)  |n Digital version of: (Early English books, 1641-1700 ; 183:10)  |7 s1999 miun s 
651 0 |a Great Britain  |x History  |y Charles I, 1625-1649. 
740 0 |a Englands petition to King Charles. 
700 0 |a Charles  |b I,  |c King of England,  |d 1600-1649. 
830 0 |a Early English books online. 
856 4 0 |u http://proxy.library.tamu.edu/login?url=https://search.proquest.com/docview/2240952966  |z Connect to the full text of this electronic book  |t 0 
999 f f |s 18402082-b72f-3242-af0b-3a6af47e4531  |i 9e190bd5-7c6e-3ad2-9f36-4fd97f289cb2  |t 0 
952 f f |a Texas A&M University  |b College Station  |c Electronic Resources  |d Available Online  |t 0  |h No information provided 
998 f f |t 0  |l Available Online